| Tag |
First Indicator |
Second Indicator |
Subfields |
| LEADER |
00000cam a2200000Ia 4500 |
| 001 |
in00002201600 |
| 005 |
20151104085735.0 |
| 008 |
910604s1990 txu b s000 0 eng d |
| 035 |
|
|
|a (OCoLC)ocm23882213
|
| 040 |
|
|
|a IKM
|c IKM
|d TPN
|d OCLCQ
|d TXA
|d UtOrBLW
|
| 043 |
|
|
|a n-us-tx
|
| 049 |
|
|
|a TXAM
|
| 086 |
|
|
|a Z TA245.7 P943 no.4735
|2 txdocs
|
| 090 |
|
|
|a SB228
|b .S85 1990
|
| 245 |
0 |
0 |
|a Sugarcane clonal evaluations in the Lower Rio Grande Valley of Texas, 1987-1988 /
|c J.J. Molina [and others].
|
| 264 |
|
1 |
|a College Station, Tex. :
|b Texas Agricultural Experiment Station, Texas A & M University System,
|c [1990]
|
| 300 |
|
|
|a 31 pages ;
|c 28 cm.
|
| 336 |
|
|
|a text
|b txt
|2 rdacontent
|
| 337 |
|
|
|a unmediated
|b n
|2 rdamedia
|
| 338 |
|
|
|a volume
|b nc
|2 rdacarrier
|
| 490 |
1 |
|
|a PR ;
|v 4735
|
| 500 |
|
|
|a Caption title.
|
| 504 |
|
|
|a Includes bibliographical references (page 5).
|
| 650 |
|
0 |
|a Sugarcane
|x Varieties
|z Texas
|z Lower Rio Grande Valley
|x Testing.
|
| 700 |
1 |
|
|a Molina, J. J.
|
| 710 |
2 |
|
|a Texas Agricultural Experiment Station.
|
| 830 |
|
0 |
|a Progress report (Texas Agricultural Experiment Station) ;
|v no.4735.
|
| 948 |
|
|
|a cataloged
|b h
|c 2006/11/21
|e pkellar
|f 1:10:08 pm
|
| 994 |
|
|
|a C0
|b TXA
|
| 999 |
|
|
|a MARS
|
| 999 |
f |
f |
|s e0400f9f-3755-3b90-96ce-4c7c01a35c75
|i 917b91f3-3328-3d45-8774-f99873daacab
|t 0
|
| 952 |
f |
f |
|p normal
|a Texas A&M University
|b College Station
|c Sterling C. Evans Library
|d Evans: Texas Documents (Annex 5th floor)
|t 0
|e Z TA245.7 P943 no.4735
|h Superintendent of Documents classification
|i unmediated -- volume
|k no.4735
|l 1990:Aug.
|m A14834877517
|
| 998 |
f |
f |
|a Z TA245.7 P943 no.4735
|s no.4735
|t 0
|l Evans: Texas Documents (Annex 5th floor)
|